LEADER 00700nam a22001813a 4500 001 991003592599707536 008 080430s 000 0 eng d 035 $ab13720971-39ule_inst 040 $aDip.to Lingue$bita 100 1 $aNabokov, Vladimir$0132657 245 10$aSpeak, Memory :$bAn Autobiography Revisited /$cVladimir Nabokov 260 $aHarmondsworth :$bPenguin Books,$c1969 907 $a.b13720971$b30-04-08$c30-04-08 912 $a991003592599707536 945 $aLE012 Fondo Commonwealth 1-6-01$g1$i2012000296343$lle012$o-$pE0.00$q-$rn$so $t0$u0$v0$w0$x0$y.i14739951$z30-04-08 996 $aConclusive evidence$925168 997 $aUNISALENTO 998 $ale012$b13-11-03$cm$da $e-$feng$gxxk$h0$i0